[Event "Alberta op"]
[Site "Calgary CAN"]
[Date "2002.10.13"]
[Round "3"]
[White "Zheng, Fisher"]
[Black "Eshleman, Brandon"]
[Result "0-1"]
[WhiteElo "1501"]
[BlackElo "1975"]
[PlyCount "49"]
[EventDate "2002.10.12"]
[EventType "swiss"]
[EventRounds "6"]
[EventCountry "CAN"]

1. d4 Nf6 2. c4 g6 3. Nf3 Bg7 4. Nc3 d5 5. cxd5 Nxd5 6. e4 Nxc3 7. bxc3 O-O 8.
Bc4 c5 9. Be3 Nc6 10. h3 cxd4 11. cxd4 b5 12. Be2 a6 13. O-O Bb7 14. Rc1 Qa5
15. Qb3 Rac8 16. Rfd1 Rfd8 17. d5 Ne5 18. Nxe5 Bxe5 19. Bg5 Rxc1 20. Rxc1 Rc8
21. Rxc8+ Bxc8 22. Qc2 Qd8 23. Bxe7 Qc7 24. Qxc7 Bxc7 25. d6 0-1

[Event "Alberta op"]
[Site "Calgary CAN"]
[Date "2002.10.13"]
[Round "4"]
[White "Beingessner, Andrew"]
[Black "Aartsen, Keith"]
[Result "1-0"]
[WhiteElo "1677"]
[BlackElo "1398"]
[PlyCount "59"]
[EventDate "2002.10.12"]
[EventType "swiss"]
[EventRounds "6"]
[EventCountry "CAN"]

1. e4 e5 2. Nf3 d6 3. d4 exd4 4. Nxd4 c5 5. Nf3 Bg4 6. Bc4 Bxf3 7. Qxf3 Qf6 8.
Qb3 Qe7 9. O-O Nc6 10. Nc3 a6 11. Nd5 Nd4 12. Qa4+ Qd7 13. Qxd7+ Kxd7 14. Nb6+
Ke7 15. Nxa8 Nxc2 16. Rb1 Nf6 17. Bg5 h6 18. Bxf6+ Kxf6 19. Nb6 g6 20. Nd7+ Kg7
21. Nxf8 Rxf8 22. Rfd1 Nd4 23. Kf1 Re8 24. Bd5 b6 25. b4 Nb5 26. Bc6 Rd8 27.
Bxb5 axb5 28. bxc5 bxc5 29. Rxb5 f6 30. Rxc5 1-0

[Event "Alberta op"]
[Site "Calgary CAN"]
[Date "2002.10.13"]
[Round "4"]
[White "Cacho, Belly"]
[Black "Milne, Arthur"]
[Result "1-0"]
[WhiteElo "1730"]
[BlackElo "1877"]
[PlyCount "91"]
[EventDate "2002.10.12"]
[EventType "swiss"]
[EventRounds "6"]
[EventCountry "CAN"]

1. e4 Nc6 2. d4 e5 3. c3 Nf6 4. d5 Ne7 5. Bd3 Ng6 6. Ne2 d6 7. Bg5 Be7 8. h4
Nh5 9. Bxe7 Qxe7 10. g3 O-O 11. Ng1 Nf6 12. f3 Qe8 13. h5 Ne7 14. Qe2 c6 15. c4
Nd7 16. Nc3 a5 17. g4 Nc5 18. Rd1 Bd7 19. Qe3 Nc8 20. Nge2 Qe7 21. Ng3 h6 22.
Bc2 Nb6 23. b3 Rfd8 24. Nce2 cxd5 25. exd5 Qg5 26. Qxg5 hxg5 27. Nc3 Re8 28.
Nge4 Nxe4 29. Nxe4 Bc8 30. Nxg5 f6 31. Ne4 Nd7 32. Nf2 Nc5 33. Be4 Rf8 34. Bf5
Bxf5 35. gxf5 Rfe8 36. Ne4 Na6 37. Rd2 Kf7 38. Rg2 Rh8 39. Rg3 Nc7 40. h6 Ne8
41. Kf2 Rxh6 42. Rxh6 gxh6 43. Rh3 Kg7 44. Rg3+ Kf7 45. Ke3 Ra6 46. a4 1-0

[Event "Alberta op"]
[Site "Calgary CAN"]
[Date "2002.10.13"]
[Round "4"]
[White "Chapman, James"]
[Black "Godor, Mitchell"]
[Result "1-0"]
[WhiteElo "1651"]
[BlackElo "981"]
[PlyCount "51"]
[EventDate "2002.10.12"]
[EventType "swiss"]
[EventRounds "6"]
[EventCountry "CAN"]

1. e4 e5 2. Nf3 Nf6 3. Nc3 Nc6 4. Bb5 a6 5. Bxc6 bxc6 6. Nxe5 Ng4 7. Nxg4 d5 8.
O-O Bc5 9. d4 Bb4 10. exd5 Bb7 11. Ne5 O-O 12. Nxc6 Qh4 13. Nxb4 a5 14. Nc6 Ba6
15. Re1 Rae8 16. Ne5 Qf6 17. Ne4 Re7 18. Nxf6+ gxf6 19. Nc6 Rxe1+ 20. Qxe1 Re8
21. Qxe8+ Kg7 22. Nd8 Kg6 23. Qxf7+ Kf5 24. Qh5+ Ke4 25. Nc6 Bb7 26. f3# 1-0

[Event "Alberta op"]
[Site "Calgary CAN"]
[Date "2002.10.13"]
[Round "4"]
[White "Eshleman, Brandon"]
[Black "Johnson, Dean"]
[Result "1-0"]
[WhiteElo "1975"]
[BlackElo "1624"]
[PlyCount "35"]
[EventDate "2002.10.12"]
[EventType "swiss"]
[EventRounds "6"]
[EventCountry "CAN"]

1. e4 e6 2. d4 d5 3. exd5 exd5 4. c4 Bb4+ 5. Bd2 Qe7+ 6. Qe2 Bxd2+ 7. Nxd2
Qxe2+ 8. Bxe2 dxc4 9. Bxc4 Nf6 10. Ngf3 Nc6 11. O-O-O O-O 12. Rhe1 Bf5 13. Nb3
Rfe8 14. Ne5 Nxe5 15. dxe5 Nd7 16. e6 Rxe6 17. Bxe6 Bxe6 18. Rxe6 1-0

[Event "Alberta op"]
[Site "Calgary CAN"]
[Date "2002.10.13"]
[Round "4"]
[White "Godor, Mitchell"]
[Black "Pradhan, Faruq"]
[Result "0-1"]
[WhiteElo "981"]
[BlackElo "1179"]
[PlyCount "70"]
[EventDate "2002.10.12"]
[EventType "swiss"]
[EventRounds "6"]
[EventCountry "CAN"]

1. e4 e5 2. Nf3 Nc6 3. Nc3 Bc5 4. Bb5 d6 5. O-O Bd7 6. Bxc6 Bxc6 7. d3 Nf6 8.
Ng5 O-O 9. Nh3 Bd7 10. Ng5 h6 11. Nf3 Bg4 12. Nd5 c6 13. Nxf6+ Qxf6 14. Qe1
Bxf3 15. gxf3 Qxf3 16. Be3 Rfe8 17. Bxc5 dxc5 18. Qe3 Qg4+ 19. Qg3 Qe2 20. a4
Re6 21. c3 Rg6 22. Qxg6 fxg6 23. Rae1 Qxb2 24. Rc1 Qe2 25. Rfd1 Qg4+ 26. Kh1 h5
27. Rg1 Qf3+ 28. Rg2 h4 29. Rcg1 b5 30. axb5 cxb5 31. d4 h3 32. dxc5 hxg2+ 33.
Rxg2 Rc8 34. c4 bxc4 35. Kg1 Qd1# 0-1

[Event "Alberta op"]
[Site "Calgary CAN"]
[Date "2002.10.13"]
[Round "4"]
[White "Haessel, Dale"]
[Black "Huber, Greg"]
[Result "0-1"]
[WhiteElo "2250"]
[BlackElo "2301"]
[PlyCount "122"]
[EventDate "2002.10.12"]
[EventType "swiss"]
[EventRounds "6"]
[EventCountry "CAN"]

1. c4 e5 2. g3 Nc6 3. Bg2 g6 4. Nc3 Bg7 5. e4 d6 6. Nge2 Be6 7. Nd5 Qd7 8. Qa4
Nge7 9. f4 Nxd5 10. cxd5 Nd4 11. Qxd7+ Bxd7 12. Nxd4 exd4 13. d3 c5 14. dxc6
bxc6 15. Bd2 Rb8 16. b4 O-O 17. Ke2 Rfe8 18. Rac1 Rb6 19. Rc2 Ra6 20. Rb1 Rb8
21. Rbb2 Ra3 22. Bc1 Ra4 23. Bd2 Rb6 24. f5 h5 25. Bf3 Rb5 26. fxg6 fxg6 27.
Kf1 Be5 28. Kg2 Ra3 29. Be2 Rb6 30. Rb3 Ra4 31. Bd1 Be6 32. Rbb2 Ra3 33. Be2
Rba6 34. b5 cxb5 35. Rxb5 Rb6 36. Rxb6 axb6 37. Bg5 Rxa2 38. Rxa2 Bxa2 39. g4
hxg4 40. Bxg4 Kf7 41. Bd7 Bf6 42. Bd2 Ke7 43. Bc6 Be6 44. Kf3 Bc8 45. Bb4 Ba6
46. Ke2 Be5 47. h4 Bg3 48. Bd5 Kf6 49. Kf3 Be5 50. Ke2 Bb5 51. Bd2 Ke7 52. Bg5+
Bf6 53. Bc4 Bd7 54. Kf3 b5 55. Bd5 Be6 56. Bc6 b4 57. Ba4 Bxg5 58. hxg5 b3 59.
Ke2 b2 60. Bc2 Ba2 61. Kd2 b1=Q 0-1

[Event "Alberta op"]
[Site "Calgary CAN"]
[Date "2002.10.13"]
[Round "4"]
[White "Hughey, Micah"]
[Black "Gardner, Robert"]
[Result "1/2-1/2"]
[WhiteElo "2011"]
[BlackElo "2244"]
[PlyCount "102"]
[EventDate "2002.10.12"]
[EventType "swiss"]
[EventRounds "6"]
[EventCountry "CAN"]

1. e4 g6 2. d4 Bg7 3. Nc3 c6 4. Be3 d5 5. e5 Bf5 6. g4 Bd7 7. Be2 Qc8 8. h3 Na6
9. Qd2 e6 10. Nf3 h5 11. O-O-O Ne7 12. Bxa6 bxa6 13. Na4 Qc7 14. Nc5 Bc8 15.
Bg5 Rb8 16. Bf6 Kf8 17. Qf4 Ng8 18. Bxg7+ Kxg7 19. Ng5 Qe7 20. Rdg1 Rb4 21. c3
Rb6 22. f3 a5 23. h4 Ba6 24. gxh5 Rxh5 25. Qg4 Nh6 26. Ngxe6+ Kh8 27. Qg2 fxe6
28. Qxg6 Qf7 29. Nxe6 Bc8 30. Qxf7 Nxf7 31. Nc5 Rh6 32. Rg3 Bf5 33. Rhg1 Rb8
34. Rg7 Rh7 35. Rxh7+ Bxh7 36. Nd7 Re8 37. Nf6 Re7 38. f4 Nh6 39. Nxh7 Kxh7 40.
h5 Rg7 41. Rg5 Kg8 42. Kc2 Rxg5 43. fxg5 Nf7 44. g6 Ng5 45. Kb3 Ne6 46. h6 c5
47. dxc5 Nxc5+ 48. Ka3 Kh8 49. b4 axb4+ 50. Kxb4 Nd3+ 51. Kb5 Nxe5 1/2-1/2

[Event "Alberta op"]
[Site "Calgary CAN"]
[Date "2002.10.13"]
[Round "4"]
[White "Kaminski, Thomas"]
[Black "Zheng, Fisher"]
[Result "1/2-1/2"]
[WhiteElo "1396"]
[BlackElo "1501"]
[PlyCount "43"]
[EventDate "2002.10.12"]
[EventType "swiss"]
[EventRounds "6"]
[EventCountry "CAN"]

1. e4 c5 2. Nf3 d6 3. d4 cxd4 4. Nxd4 Nf6 5. Nc3 e5 6. Nb3 Be6 7. Bb5+ Nc6 8.
Bg5 a6 9. Be2 Be7 10. O-O O-O 11. Qd2 h6 12. Bxf6 Bxf6 13. Rfd1 Be7 14. Nd5
Bxd5 15. exd5 Bg5 16. Qd3 Ne7 17. Qe4 Ng6 18. Qb4 Qc7 19. c3 Rfe8 20. Qe4 Nf4
21. Bd3 Ng6 22. g3 1/2-1/2

[Event "Alberta op"]
[Site "Calgary CAN"]
[Date "2002.10.13"]
[Round "4"]
[White "Kazmaier, Daniel"]
[Black "Beingessner, Andrew"]
[Result "1-0"]
[WhiteElo "1846"]
[BlackElo "1677"]
[PlyCount "91"]
[EventDate "2002.10.12"]
[EventType "swiss"]
[EventRounds "6"]
[EventCountry "CAN"]

1. e4 c5 2. c3 d5 3. exd5 Qxd5 4. d4 g6 5. dxc5 Qxc5 6. Be3 Qc6 7. Nf3 Bg7 8.
Be2 Nf6 9. O-O O-O 10. h3 Re8 11. Na3 e5 12. Bb5 Qc7 13. Bxe8 Nxe8 14. Qd2 a6
15. Rad1 Nc6 16. Nc2 Be6 17. b3 Rd8 18. Qc1 Bd5 19. c4 Bxf3 20. gxf3 Qc8 21.
Kg2 Nf6 22. f4 Re8 23. fxe5 Nxe5 24. Nd4 Nc6 25. Nxc6 Qxc6+ 26. f3 Nh5 27. Bf4
Re2+ 28. Rf2 Bb2 29. Rxe2 Bxc1 30. Bxc1 Kg7 31. Re7 Qf6 32. Rdd7 Nf4+ 33. Bxf4
Qxf4 34. Rxb7 Qd2+ 35. Kf1 Qxa2 36. Rxf7+ Kh6 37. f4 Qb1+ 38. Ke2 Qc2+ 39. Ke3
Qc3+ 40. Ke4 Qc2+ 41. Ke5 Qc3+ 42. Kd5 Qd3+ 43. Kc6 Qe4+ 44. Kb6 Qe6+ 45. Ka5
Qe1+ 46. b4 1-0

[Event "Alberta op"]
[Site "Calgary CAN"]
[Date "2002.10.13"]
[Round "4"]
[White "McKay, Tom"]
[Black "Kazmaier, Daniel"]
[Result "0-1"]
[WhiteElo "1482"]
[BlackElo "1846"]
[PlyCount "98"]
[EventDate "2002.10.12"]
[EventType "swiss"]
[EventRounds "6"]
[EventCountry "CAN"]

1. Nf3 Nf6 2. g3 g6 3. Bg2 Bg7 4. d4 d5 5. O-O O-O 6. Nc3 b6 7. Re1 Bb7 8. Bd2
Nbd7 9. Qc1 Re8 10. b4 Ne4 11. e3 c5 12. bxc5 bxc5 13. Rb1 Qc7 14. Rb3 a6 15.
Qb1 Rab8 16. Rd1 c4 17. Rb4 Bc6 18. Nxe4 dxe4 19. Ne1 e5 20. c3 f5 21. Nc2 Nf6
22. a3 Nd5 23. Rxb8 Rxb8 24. Qa2 Ba4 25. Rb1 Bb3 26. Qb2 a5 27. Na1 Rb6 28.
Nxb3 Rxb3 29. Qc1 Qb6 30. Ra1 exd4 31. exd4 a4 32. Bf1 Qa6 33. Be2 Bf8 34. Bd1
Rb7 35. f3 exf3 36. Bxf3 Rd7 37. Rb1 Qd6 38. Bxd5+ Qxd5 39. Rb8 Rd8 40. Rb6 Rd6
41. Rb8 Kf7 42. Qb2 Rd7 43. Bc1 Bd6 44. Rb5 Qe4 45. Ra5 Re7 46. Bd2 Qd3 47. Qb5
Qxd2 48. Qd5+ Re6 49. Ra7+ Kf6 0-1

[Event "Alberta op"]
[Site "Calgary CAN"]
[Date "2002.10.13"]
[Round "4"]
[White "Pradhan, Sarah"]
[Black "Schmeisser, Alex"]
[Result "0-1"]
[WhiteElo "885"]
[BlackElo "1194"]
[PlyCount "74"]
[EventDate "2002.10.12"]
[EventType "swiss"]
[EventRounds "6"]
[EventCountry "CAN"]

1. e4 e5 2. Nf3 Nc6 3. Bb5 Nge7 4. Qe2 a6 5. Ba4 d6 6. d3 Bg4 7. Bg5 b5 8. Bb3
Nd4 9. Bxe7 Bxe7 10. h3 Nxe2 11. Kxe2 Bxf3+ 12. gxf3 O-O 13. Rg1 g6 14. c3 c5
15. Nd2 a5 16. a4 Rb8 17. Ra2 Bg5 18. Nf1 h6 19. Ng3 Qc8 20. c4 bxc4 21. Bxc4
Rb4 22. Bd5 Qb8 23. Kf1 Rxb2 24. Rxb2 Qxb2 25. Kg2 Qc2 26. Ra1 Qxd3 27. Kh2 Qd4
28. Ba2 Qxa1 29. Bc4 Qxa4 30. Bd5 Bf4 31. h4 Bxg3+ 32. fxg3 Kg7 33. g4 Rb8 34.
Kh3 Qd1 35. Bc6 Qxf3+ 36. Kh2 Rb2+ 37. Kg1 Qg2# 0-1

[Event "Alberta op"]
[Site "Calgary CAN"]
[Date "2002.10.13"]
[Round "4"]
[White "Robertson, Archie"]
[Black "Adolph, Joel"]
[Result "1/2-1/2"]
[WhiteElo "1870"]
[BlackElo "1740"]
[PlyCount "53"]
[EventDate "2002.10.12"]
[EventType "swiss"]
[EventRounds "6"]
[EventCountry "CAN"]

1. d4 Nf6 2. c4 g6 3. Nc3 d5 4. e3 Bg7 5. Nf3 O-O 6. cxd5 Nxd5 7. Bc4 Nxc3 8.
bxc3 c5 9. O-O Qc7 10. Qb3 Nc6 11. Qc2 cxd4 12. cxd4 e5 13. Ba3 Rd8 14. dxe5
Nxe5 15. Nxe5 Bxe5 16. Rad1 Be6 17. Bb3 Qxc2 18. Bxc2 Bc4 19. Rxd8+ Rxd8 20.
Rb1 Bxa2 21. Rxb7 Rd2 22. Ba4 Bd5 23. Rd7 Ra2 24. Rd8+ Kg7 25. Bf8+ Kf6 26.
Rxd5 Rxa4 27. Kf1 1/2-1/2

[Event "Alberta op"]
[Site "Calgary CAN"]
[Date "2002.10.13"]
[Round "4"]
[White "Toth, Brian"]
[Black "Cacho, Belly"]
[Result "1-0"]
[WhiteElo "1826"]
[BlackElo "1730"]
[PlyCount "26"]
[EventDate "2002.10.12"]
[EventType "swiss"]
[EventRounds "6"]
[EventCountry "CAN"]

1. e4 c5 2. d4 cxd4 3. c3 dxc3 4. Nxc3 Nc6 5. Nf3 d6 6. Bc4 e6 7. O-O Be7 8.
Qe2 a6 9. Rd1 Qc7 10. Bf4 b6 11. Rac1 Bb7 12. Nd5 exd5 13. Nd4 Nd8 1-0

[Event "Alberta op"]
[Site "Calgary CAN"]
[Date "2002.10.13"]
[Round "4"]
[White "Yamach, Ahmet"]
[Black "Ottosen, David"]
[Result "1/2-1/2"]
[WhiteElo "1838"]
[BlackElo "2000"]
[PlyCount "92"]
[EventDate "2002.10.12"]
[EventType "swiss"]
[EventRounds "6"]
[EventCountry "CAN"]

1. d4 d5 2. c4 c6 3. e3 e6 4. Nf3 Nf6 5. Nc3 Nbd7 6. Bd3 dxc4 7. Bxc4 b5 8. Bd3
a6 9. O-O c5 10. dxc5 Bxc5 11. Qc2 Bb7 12. Ne4 Be7 13. Nxf6+ Nxf6 14. Rd1 Qb6
15. Qe2 O-O 16. b3 Rac8 17. Bb2 Rfd8 18. Rac1 Rxc1 19. Bxc1 Qc5 20. Nd4 Qg5 21.
Nf3 Qh5 22. Bb2 Ng4 23. h3 Nh6 24. Bc2 Bxf3 25. Rxd8+ Bxd8 26. Qxf3 Qxf3 27.
gxf3 f6 28. f4 Kf7 29. Kg2 Nf5 30. Bxf5 exf5 31. Kf3 Ke6 32. Ke2 Kd5 33. Kd3
Ba5 34. Bd4 Bb4 35. f3 Bd6 36. e4+ Ke6 37. Ke3 h5 38. Bc3 g5 39. fxg5 fxg5 40.
exf5+ Kxf5 41. Bd4 Ba3 42. Bb6 Bc1+ 43. Kf2 Ke5 44. Ke2 Kd5 45. Kd3 Bf4 46. Ba7
Bc1 1/2-1/2

[Event "Alberta op"]
[Site "Calgary CAN"]
[Date "2002.10.14"]
[Round "5"]
[White "Aartsen, Keith"]
[Black "Godor, Mitchell"]
[Result "1-0"]
[WhiteElo "1398"]
[BlackElo "981"]
[PlyCount "28"]
[EventDate "2002.10.12"]
[EventType "swiss"]
[EventRounds "6"]
[EventCountry "CAN"]

1. e4 e5 2. Nf3 d5 3. exd5 Qxd5 4. Nc3 Qd8 5. Qe2 Bg4 6. Qxe5+ Be7 7. Qd4 Bxf3
8. Qxd8+ Bxd8 9. gxf3 Nh6 10. d4 Nf5 11. Be3 Nc6 12. Bb5 O-O 13. Bxc6 bxc6 14.
O-O f6 1-0

[Event "Alberta op"]
[Site "Calgary CAN"]
[Date "2002.10.14"]
[Round "5"]
[White "Adolph, Joel"]
[Black "Eshleman, Brandon"]
[Result "1-0"]
[WhiteElo "1740"]
[BlackElo "1975"]
[PlyCount "120"]
[EventDate "2002.10.12"]
[EventType "swiss"]
[EventRounds "6"]
[EventCountry "CAN"]

1. Nf3 d5 2. g3 Nf6 3. Bg2 g6 4. c3 Bg7 5. O-O O-O 6. d3 c5 7. a4 Nc6 8. Re1 e5
9. e4 dxe4 10. Ng5 exd3 11. Bxc6 bxc6 12. Rxe5 Nd5 13. Re1 c4 14. Na3 h6 15.
Ne4 Ba6 16. Be3 Nxe3 17. Rxe3 Qd5 18. Qf3 f5 19. Nd2 Rfe8 20. Rae1 Kf7 21. Qf4
Rxe3 22. Rxe3 Rd8 23. Re1 g5 24. Qe3 Qd7 25. Naxc4 Re8 26. Nd6+ Qxd6 27. Qxe8+
Kf6 28. Qe3 c5 29. Nf3 g4 30. Qe5+ Qxe5 31. Nxe5 Kg5 32. Nd7 c4 33. Kf1 Bb7 34.
Re7 Bh8 35. Rh7 Bf6 36. Nxf6 d2 37. Ke2 Bf3+ 38. Kxd2 Kxf6 39. Rxa7 h5 40. Rc7
Bd5 41. Ke3 Ke5 42. a5 h4 43. a6 f4+ 44. gxf4+ Kd6 45. Rg7 g3 46. fxg3 hxg3 47.
hxg3 Kc5 48. Rc7+ Kb6 49. Kd4 Bf3 50. Rxc4 Kxa6 51. Rb4 Ka7 52. f5 Bh5 53. f6
Bf7 54. Ke5 Ka6 55. Kd6 Be8 56. Ke7 Bb5 57. Rxb5 Kxb5 58. f7 Kc4 59. f8=Q Kb3
60. Qf4 Kc2 1-0

[Event "Alberta op"]
[Site "Calgary CAN"]
[Date "2002.10.14"]
[Round "5"]
[White "Bentley, Bill"]
[Black "Sorgard, Graham"]
[Result "1/2-1/2"]
[WhiteElo "1947"]
[BlackElo "1790"]
[PlyCount "85"]
[EventDate "2002.10.12"]
[EventType "swiss"]
[EventRounds "6"]
[EventCountry "CAN"]

1. e4 d6 2. d4 g6 3. Nc3 Bg7 4. Nf3 a6 5. Be3 b5 6. Bd3 Bb7 7. Qd2 Nd7 8. O-O-O
c5 9. Kb1 cxd4 10. Nxd4 Ngf6 11. f3 Ne5 12. Nb3 O-O 13. Bh6 b4 14. Nd5 Nxd5 15.
Bxg7 Kxg7 16. exd5 Qb6 17. Be2 a5 18. f4 Nd7 19. Qd4+ Qxd4 20. Rxd4 Nf6 21. Bf3
Rfc8 22. Rhd1 Rc7 23. R1d2 Bc8 24. h3 h5 25. Nc1 Bf5 26. Nd3 Rac8 27. Kc1 Rc4
28. Rxc4 Rxc4 29. b3 Rc3 30. Nf2 Bd7 31. Nd1 Rc5 32. Ne3 Bb5 33. Rd4 Ne8 34.
Nc4 Ba6 35. g4 hxg4 36. hxg4 Nc7 37. f5 Bb7 38. Ne3 e6 39. Rc4 exd5 40. Rxc5
dxc5 41. Nc4 dxc4 42. Bxb7 cxb3 43. cxb3 1/2-1/2

[Event "Alberta op"]
[Site "Calgary CAN"]
[Date "2002.10.14"]
[Round "5"]
[White "Chapman, James"]
[Black "Kaminski, Thomas"]
[Result "0-1"]
[WhiteElo "1651"]
[BlackElo "1396"]
[PlyCount "94"]
[EventDate "2002.10.12"]
[EventType "swiss"]
[EventRounds "6"]
[EventCountry "CAN"]

1. e4 d5 2. e5 e6 3. Nf3 c5 4. d3 b6 5. g3 Bb7 6. Bg2 h6 7. O-O Ne7 8. Nc3 Ng6
9. Re1 Nd7 10. Qe2 Qb8 11. h4 Ne7 12. Bf4 Ng6 13. Bd2 Be7 14. h5 Ngf8 15. Bf4
Nh7 16. Nh4 Qd8 17. Nf3 Ng5 18. Nb5 Nxf3+ 19. Bxf3 a6 20. Nd6+ Bxd6 21. exd6
Nf6 22. c4 Kf8 23. Rac1 Qd7 24. Qf1 d4 25. Bxb7 Qxb7 26. Qh3 Qf3 27. Re5 Ng4
28. Rf1 Nxe5 29. Bxe5 Qf5 30. Qxf5 exf5 31. Kg2 f6 32. Bf4 Kf7 33. Rb1 a5 34.
a3 a4 35. b4 axb3 36. Rxb3 Ra6 37. Kf3 Rha8 38. g4 Rxa3 39. Rxb6 Re8 40. gxf5
Rxd3+ 41. Kg2 Rd8 42. Rb7+ Kf8 43. d7 Ke7 44. Rb5 Rxd7 45. Rxc5 Rc3 46. Rc8 d3
47. Rg8 Kf7 0-1

[Event "Alberta op"]
[Site "Calgary CAN"]
[Date "2002.10.14"]
[Round "5"]
[White "Daniluk, Jim"]
[Black "Yamach, Ahmet"]
[Result "1-0"]
[WhiteElo "1988"]
[BlackElo "1838"]
[PlyCount "81"]
[EventDate "2002.10.12"]
[EventType "swiss"]
[EventRounds "6"]
[EventCountry "CAN"]

1. d4 e6 2. c4 c5 3. d5 d6 4. Nc3 Nf6 5. e4 g6 6. Nf3 Bg7 7. Be2 exd5 8. cxd5
O-O 9. O-O Re8 10. Nd2 Nbd7 11. f4 a6 12. a4 b6 13. Bf3 Bb7 14. Nc4 Qc7 15. e5
dxe5 16. d6 Qb8 17. fxe5 Bxf3 18. Rxf3 Nxe5 19. Nxe5 Rxe5 20. Bf4 Re6 21. Nd5
Nd7 22. Nc7 Re4 23. Qd5 Re8 24. Bg5 Kh8 25. Nxa8 Qxa8 26. Qxa8 Rxa8 27. Rxf7
Ne5 28. Rc7 h6 29. d7 Nxd7 30. Rxd7 hxg5 31. Kf1 Rb8 32. Rd6 Kh7 33. Ra3 Bxb2
34. Rb3 Bd4 35. Rbxb6 Rxb6 36. Rxb6 a5 37. Rb5 Bc3 38. Rxc5 Bb4 39. Rxg5 Kh6
40. Rb5 g5 41. Ke2 1-0

[Event "Alberta op"]
[Site "Calgary CAN"]
[Date "2002.10.14"]
[Round "5"]
[White "Huber, Greg"]
[Black "Gardner, Robert"]
[Result "1/2-1/2"]
[WhiteElo "2301"]
[BlackElo "2244"]
[PlyCount "63"]
[EventDate "2002.10.12"]
[EventType "swiss"]
[EventRounds "6"]
[EventCountry "CAN"]

1. e4 c5 2. Nc3 Nc6 3. Nge2 Nf6 4. g3 d5 5. exd5 Nxd5 6. Bg2 Nxc3 7. Nxc3 e5 8.
d3 Be6 9. Be3 Be7 10. Qd2 Qd7 11. f4 exf4 12. Bxf4 Nb4 13. a3 Nd5 14. Nxd5 Bxd5
15. O-O O-O 16. Be5 Rac8 17. Rae1 Bxg2 18. Qxg2 Rc6 19. Qe4 Re8 20. Bxg7 Kxg7
21. Rxf7+ Kxf7 22. Qxh7+ Kf6 23. Qh6+ Kf7 24. Qh7+ Kf6 25. Rf1+ Kg5 26. h4+ Kg4
27. Qe4+ Kh3 28. Qg2+ Kg4 29. Qf3+ Kh3 30. Rf2 Qd4 31. Qg2+ Kg4 32. Qf3+
1/2-1/2

[Event "Alberta op"]
[Site "Calgary CAN"]
[Date "2002.10.14"]
[Round "5"]
[White "Kuwair, Martin"]
[Black "Kuczaj, Chris"]
[Result "1-0"]
[WhiteElo "1840"]
[BlackElo "1974"]
[PlyCount "113"]
[EventDate "2002.10.12"]
[EventType "swiss"]
[EventRounds "6"]
[EventCountry "CAN"]

1. e4 c5 2. Nf3 e6 3. Bb5 a6 4. Be2 Nc6 5. O-O Nf6 6. d3 Be7 7. Nc3 d6 8. h3
O-O 9. Qe1 b5 10. Bd1 Qc7 11. Ne2 Bb7 12. Ng3 Rfe8 13. Ng5 h6 14. Nf3 Bf8 15.
Nh2 d5 16. f4 dxe4 17. dxe4 e5 18. f5 Rad8 19. Ng4 Nxg4 20. Bxg4 g6 21. h4 Nd4
22. Rf2 Bc8 23. c3 gxf5 24. Bxf5 Nxf5 25. Nxf5 Bxf5 26. Rxf5 Re6 27. h5 Bg7 28.
Be3 Qc6 29. Qh4 Rd3 30. Re1 c4 31. Bc1 Qc5+ 32. Kh2 Qe7 33. Qg4 Rf6 34. Ref1
Rxf5 35. Rxf5 Rd6 36. b3 Rf6 37. Ba3 Qe6 38. bxc4 bxc4 39. Kg3 Rxf5 40. Qxf5
Qxf5 41. exf5 e4 42. Bb4 Be5+ 43. Kf2 Bf4 44. Bc5 Kg7 45. Bd4+ f6 46. g3 Bd2
47. Ke2 Bc1 48. Be3 Ba3 49. Kd2 Bd6 50. Bf2 Kf7 51. g4 Kg7 52. Bd4 Bf4+ 53. Ke2
Bc1 54. Be3 Ba3 55. Kf2 Bd6 56. Ke2 Be5 57. Bd2 1-0

[Event "Alberta op"]
[Site "Calgary CAN"]
[Date "2002.10.14"]
[Round "5"]
[White "Miller, Mitch"]
[Black "Pradhan, Sarah"]
[Result "1-0"]
[WhiteElo "1507"]
[BlackElo "885"]
[PlyCount "91"]
[EventDate "2002.10.12"]
[EventType "swiss"]
[EventRounds "6"]
[EventCountry "CAN"]

1. e4 e5 2. Nf3 Nc6 3. Bc4 Nf6 4. Nc3 d6 5. Ng5 Qe7 6. Bxf7+ Kd8 7. Bb3 h5 8.
h3 b6 9. Nf7+ Ke8 10. Nxh8 Nb4 11. a3 Na6 12. d3 Nc5 13. Ba2 c6 14. O-O b5 15.
Bg5 Na4 16. Nxa4 bxa4 17. c4 Be6 18. Qxa4 Rc8 19. Ng6 Qb7 20. b4 Bd7 21. Rab1
c5 22. Qd1 cxb4 23. Rxb4 Qa6 24. Qb3 Nh7 25. Be3 d5 26. Nxf8 Kxf8 27. cxd5 Qd6
28. f3 a5 29. Rc4 Rxc4 30. dxc4 a4 31. Qb7 Ke8 32. Qb4 Ke7 33. Qxd6+ Kxd6 34.
c5+ Kc7 35. c6 Kd6 36. cxd7 Kxd7 37. f4 Nf6 38. fxe5 Nxe4 39. Rf7+ Ke8 40. Rxg7
Nc3 41. Bc4 Nd1 42. Bc5 Nb2 43. Bb5+ Kd8 44. Bb6+ Kc8 45. Ba6+ Kb8 46. Rg8# 1-0

[Event "Alberta op"]
[Site "Calgary CAN"]
[Date "2002.10.14"]
[Round "5"]
[White "Nguyen, Kim"]
[Black "Pivovarov, Juraj"]
[Result "1-0"]
[WhiteElo "1971"]
[BlackElo "1791"]
[PlyCount "73"]
[EventDate "2002.10.12"]
[EventType "swiss"]
[EventRounds "6"]
[EventCountry "CAN"]

1. e4 c5 2. Nf3 d6 3. d4 cxd4 4. Nxd4 Nf6 5. Nc3 g6 6. Be3 Bg7 7. Be2 Nc6 8.
Nb3 O-O 9. f4 Be6 10. O-O Qc8 11. Kh1 Rd8 12. Bg1 Bg4 13. Bf3 Rb8 14. h3 Bxf3
15. Qxf3 b5 16. Rae1 b4 17. Nd5 Rb7 18. c4 bxc3 19. Nxc3 e6 20. Rc1 Qd7 21.
Rfd1 Qe8 22. Rd2 e5 23. Rcd1 Bf8 24. f5 Rb4 25. fxg6 Qe6 26. gxf7+ Kh8 27. Nd5
Rxe4 28. Nxf6 Rf4 29. Qxc6 Rxf6 30. Bxa7 Rc8 31. Qd5 Qd7 32. Qxe5 Bg7 33. Rxd6
Rxd6 34. Rxd6 Qxf7 35. Qd5 Qf1+ 36. Bg1 Rf8 37. Rd8 1-0

[Event "Alberta op"]
[Site "Calgary CAN"]
[Date "2002.10.14"]
[Round "5"]
[White "Ottosen, David"]
[Black "Robertson, Archie"]
[Result "1-0"]
[WhiteElo "2000"]
[BlackElo "1870"]
[PlyCount "61"]
[EventDate "2002.10.12"]
[EventType "swiss"]
[EventRounds "6"]
[EventCountry "CAN"]

1. e4 c5 2. Nf3 d6 3. d4 cxd4 4. Nxd4 Nf6 5. Nc3 Nc6 6. Bc4 g6 7. f3 Bg7 8. Be3
O-O 9. Qd2 Bd7 10. O-O-O Ne5 11. Bb3 Qa5 12. h4 Rfc8 13. Nde2 b5 14. Bh6 b4 15.
Nd5 Nxd5 16. Bxd5 Nc4 17. Bxc4 Rxc4 18. Bxg7 Kxg7 19. Kb1 Rac8 20. Rc1 Be6 21.
b3 R4c6 22. Qd4+ f6 23. h5 Qc7 24. Qb2 a5 25. Nd4 Bd7 26. Nxc6 Bxc6 27. hxg6
hxg6 28. Qd4 a4 29. Qc4 Qa5 30. f4 Bd7 31. Rh7+ 1-0

[Event "Alberta op"]
[Site "Calgary CAN"]
[Date "2002.10.14"]
[Round "5"]
[White "Pradhan, Faruq"]
[Black "McKay, Tom"]
[Result "0-1"]
[WhiteElo "1179"]
[BlackElo "1482"]
[PlyCount "84"]
[EventDate "2002.10.12"]
[EventType "swiss"]
[EventRounds "6"]
[EventCountry "CAN"]

1. e4 c5 2. Nf3 d6 3. d4 cxd4 4. Nxd4 Nf6 5. Nc3 a6 6. Bc4 e6 7. Be3 b5 8. Bb3
b4 9. Nce2 Nxe4 10. O-O Nc5 11. c4 Be7 12. Ba4+ Bd7 13. Bxd7+ Nbxd7 14. Nc6 Qb6
15. Nxe7 Kxe7 16. a4 a5 17. Qd2 Qa6 18. Qd4 Ne5 19. Qf4 Ncd3 20. Qe4 Nxb2 21.
Nd4 Nexc4 22. Rab1 Nxe3 23. fxe3 Nc4 24. Nc6+ Kf8 25. Qf3 Qb7 26. Rf2 Ne5 27.
Qh3 Nxc6 28. Qxe6 Qe7 29. Qxe7+ Nxe7 30. Rd1 d5 31. Rc1 g6 32. g4 Kg7 33. Rcf1
Rhf8 34. h4 Nc6 35. Rg2 Ne5 36. Kf2 Rac8 37. Rh1 Rc2+ 38. Kg1 Rxg2+ 39. Kxg2
Nxg4 40. Kf3 h5 41. e4 dxe4+ 42. Kxe4 Nf2+ 0-1